| 000 | 00709nam a2200217 a 4500 | ||
|---|---|---|---|
| 999 |
_c2478 _d2478 |
||
| 001 | 2478 | ||
| 003 | BD-JhCC | ||
| 005 | 20171102195502.0 | ||
| 008 | 171102s1376 bg |||| ||a| 000 0 ben d | ||
| 035 | _a(BD-JhCC)2478 | ||
| 040 |
_aBD-JhCC _dBD-JhCC |
||
| 041 | _aben | ||
| 082 |
_a891.4409 _bSUL 1376 |
||
| 100 | _aসুলতানা, রাজিয়া | ||
| 245 |
_aনজরুল-অন্বষা / _cরাজিয়া সুলতানা, |
||
| 260 |
_aঢাকা : _bমখদুমী অ্যাণ্ড আহসানউল্লাহ লাইব্রেরী, _c1376 |
||
| 300 |
_a190 p. : _c22 cm. |
||
| 650 | _aBengali Literature | ||
| 942 |
_2ddc _cBK |
||